000 00842cam a22002534a 4500
001 1212832
005 20180109082444.0
008 990122s1999 nyua bf 001 0 eng c
010 _a 99019075
020 _a0443076510
040 _aDNLM/DLC
_cDLC
_dDLC
041 _aeng
042 _apcc
060 1 0 _aWT 166
_bG3697 1999
080 _a618.97 KAU
082 0 0 _a618.97 KAU
_221
100 _a8
101 _aEKZ
245 0 0 _aGeriatric rehabilitation manual /
_ceditor, Timothy L. Kauffman ; associate editors, Osa Jackson ... [et al.].
504 _aIncludes bibliographical references and index.
906 _a7
_bcbc
_corignew
_d1
_eocip
_f19
_gy-gencatlg
942 _2ddc
_cBK
999 _c39953
_d39953